| 000 | 02596nam2a22002171 4500 | ||
|---|---|---|---|
| 001 | RU\NLR\KADK\57669 | ||
| 005 | 20251214191731.0 | ||
| 035 | _a(NLR Aleph) 009867396 | ||
| 090 |
_a13488284 _c13488284 |
||
| 100 | _a20020402d1778 u y0rusy50 ca | ||
| 101 | 1 |
_arus _cger |
|
| 200 | 0 | _aЧ. 1 | |
| 215 | _a[32], 200 с. | ||
| 461 | 1 |
_1001RU\NLR\KADK\57668 _12000#$aКобальтословие или Описание красильнаго кобальта по званию, породам и месторождениям онаго и по добываемым при оном металлам, ископаемым, рудам и камням, также и о содержании онаго по опытному искусству, о употреблении его и о других случающихся при том обстоятельствах, с приобщением нужных для объяснения таблиц$fСочинено доктором Иоганном Готлобом Леманом, ... Королевской Прусской и Курмейнцской Академий наук ... членом$gПереведено с немецкаго языка обер бергмейстером Иваном Хемнитцером$gРазсматривано учрежденным при Горном училище собранием$vЧ. 1 _1700#1$7ca$aЛеман$bИ.Г.$f1719-1767$gИоганн Готлоб$4070 _910407596 _aЛеман, И.Г. (1719-1767) _cПечатано в Санктпетербурге [Санкт-Петербург] _d1778 _fСочинено доктором Иоганном Готлобом Леманом, ... Королевской Прусской и Курмейнцской Академий наук ... членом _nПри том же училище _tКобальтословие или Описание красильнаго кобальта по званию, породам и месторождениям онаго и по добываемым при оном металлам, ископаемым, рудам и камням, также и о содержании онаго по опытному искусству, о употреблении его и о других случающихся при том обстоятельствах, с приобщением нужных для объяснения таблиц _vЧ. 1 |
|
| 801 | 0 |
_aRU _bNLR _c20020402 |
|
| 852 |
_aNLR _bБ-ка 1-го Кадет. Корп. _jРэ ШК / Л-44 O2 |
||
| 942 | _cBOOK | ||
| 980 | 3 | _akprsl | |
| 980 | _aKADK | ||
| 980 | _aNB | ||